Dân ca H'Mông

Uloženo v:
Podrobná bibliografie
Médium: Kniha
Jazyk:Undetermined
Vydáno: Hà Nội Văn học 1984
Témata:
Tagy: Přidat tag
Žádné tagy, Buďte první, kdo otaguje tento záznam!
Thư viện lưu trữ: Trung tâm Học liệu Trường Đại học Cần Thơ
LEADER 00441nam a2200157Ia 4500
001 CTU_6260
008 210402s9999 xx 000 0 und d
082 |a 398.20495922 
082 |b D121c 
245 0 |a Dân ca H'Mông 
260 |a Hà Nội 
260 |b Văn học 
260 |c 1984 
650 |a folk literature, vietnamese 
904 |i Nguyễn Quang Điền, 960815 
980 |a Trung tâm Học liệu Trường Đại học Cần Thơ